| Tag |
First Indicator |
Second Indicator |
Subfields |
| LEADER |
00000cam a2200000 4500 |
| 001 |
in00000029435 |
| 005 |
20151007061519.0 |
| 008 |
780803s1919 ilua 00010 eng |
| 010 |
|
|
|a 20000688
|
| 035 |
|
|
|a (OCoLC)04106025
|
| 035 |
|
|
|9 AAD2306AM
|
| 040 |
|
|
|a DLC
|c NIE
|d TXA
|d UtOrBLW
|
| 049 |
|
|
|a TXAM
|v 2 [58431]
|v 4 [58427]
|
| 050 |
0 |
0 |
|a PE1117
|b .C7
|
| 092 |
|
|
|a 808
|b C891w
|
| 100 |
1 |
|
|a Crane, William Iler,
|d 1866-1924.
|
| 245 |
1 |
0 |
|a Wheeler's graded literary readers :
|b with interpretation ... /
|c By William Iler Crane and William Henry Wheeler.
|
| 264 |
|
1 |
|a Chicago :
|b Wheeler publishing company,
|c 1919.
|
| 300 |
|
|
|a 5 volumes :
|b illustrations ;
|c 20 cm.
|
| 336 |
|
|
|a text
|b txt
|2 rdacontent
|
| 337 |
|
|
|a unmediated
|b n
|2 rdamedia
|
| 338 |
|
|
|a volume
|b nc
|2 rdacarrier
|
| 500 |
|
|
|a Text on front lining-papers.
|
| 505 |
0 |
|
|a [v. 1] A fourth reader.--[v. 2.] A fifth reader.--[v. 3.] A sixth reader.--[v. 4.] A seventh reader.--[v. 5.] An eighth reader.
|
| 650 |
|
0 |
|a Readers.
|
| 700 |
1 |
|
|a Wheeler, William Henry.
|
| 999 |
|
|
|a MARS
|
| 999 |
f |
f |
|s 16c0d112-2fed-37c8-9e34-c63fc2c73243
|i 638916c6-9914-3af9-8814-022f0423968a
|t 0
|
| 952 |
f |
f |
|p ric
|a Texas A&M University
|b Rellis Campus
|c Joint Library Facility
|d Remote Storage
|t 0
|e PE1117 .C7
|h Library of Congress classification
|i unmediated -- volume
|k v.2
|m A14801193471
|
| 952 |
f |
f |
|p ric
|a Texas A&M University
|b Rellis Campus
|c Joint Library Facility
|d Remote Storage
|t 0
|e PE1117 .C7
|h Library of Congress classification
|i unmediated -- volume
|k v.4
|m A14801193489
|
| 998 |
f |
f |
|a PE1117 .C7
|s v4
|t 0
|l Remote Storage
|